LEADER 02802nam 2200505 450 001 9910480009703321 005 20170821165551.0 010 $a0-8218-7620-1 035 $a(CKB)3240000000069560 035 $a(EBL)3113015 035 $a(MiAaPQ)EBC3113015 035 $a(PPN)197103529 035 $a(EXLCZ)993240000000069560 100 $a19841029h19841984 uy| 0 101 0 $aeng 135 $aur|n|---||||| 181 $2rdacontent 182 $2rdamedia 183 $2rdacarrier 200 10$aFour-manifold theory /$fCameron Gordon and Robion Kirby, editors 210 1$aProvidence, Rhode Island :$cAmerican Mathematical Society,$d[1984] 210 4$d©1984 215 $a1 online resource (538 p.) 225 1 $aContemporary mathematics ;$vvolume 35 300 $a"Proceedings of the AMS-IMS-SIAM Joint Summer Research Conference in the Mathematical Sciences on Four-Manifold Theory, held at Durham, New Hampshire, July 4-10, 1982"--Title page verso. 311 $a0-8218-5033-4 320 $aIncludes bibliographies. 327 $a""Table of Contents""; ""Preface""; ""Fibered Knots and Involutions on Homotopy Spheres""; ""A Fake 4-Manifold""; ""Approximating Cell-Like Maps of S4 by Homeomorphisms""; ""Linking Numbers in Branched Covers""; ""Atomic Surgery Problems""; ""Smooth 4-Manifolds with Definite Intersection Form""; ""The Solution of the 4-Dimensional Annulus Conjecture""; ""A I??-Invariant One Homology 3-Sphere that Bounds an Orientable Rational Ball""; ""Another Construction of an Exotic S1 X S3 # S2 X S2""; ""On Freedman's Reimbedding Theorems"" 327 $a""The Homology of the Mapping Class Group and its Connection to Surface Bundles over Surfaces""""Rochlin Invariant and I?±-Invariant""; ""Cobordism of Satellite Knots""; ""Complex Structures on 4-Manifolds""; ""Good Torus Fibrations""; ""4-Dimensional Oriented Bordism""; ""A New Proof of the Homology Torus and Annulus Theorem""; ""Fibered Knots fn S4-Twisting, Spinning, Rolling, Surgery, and Branching""; ""The Embedding Theorem for Towers""; ""Smooth Structures on 4-Manifolds""; ""Concordance of Links in S4""; ""Constructions of Quasipositfve Knots and Links, II"" 327 $a""An Introduction to Self-Dual Connections""""4-Manifold Problems"" 410 0$aContemporary mathematics (American Mathematical Society) ;$vvolume 35. 606 $aFour-manifolds (Topology) 608 $aElectronic books. 615 0$aFour-manifolds (Topology) 676 $a514/.223 702 $aGordon$b Cameron$f1945- 702 $aKirby$b Robion C.$f1938- 712 02$aAmerican Mathematical Society, 801 0$bMiAaPQ 801 1$bMiAaPQ 801 2$bMiAaPQ 906 $aBOOK 912 $a9910480009703321 996 $aFour- manifold theory$9383917 997 $aUNINA LEADER 00823nam a2200217 i 4500 001 991004031709707536 008 035 $ab14426717-39ule_inst 040 $aDip.to di Storia, Societŕ e Studi sull'Uomo$bita 082 04$a3 100 1 $aMao Zedong$0228976 245 10$aContre le culte du livre (Mai 1930) /$cMao Tse-toung 260 $aPekin :$bEditions en langues Étrangeres,$c1966 300 $a17 p. ;$c15 cm 650 4$aMao Zedong$vDiscorsi 907 $a.b14426717$b25-02-22$c30-11-21 912 $a991004031709707536 945 $aLE023 Fondo Brambilla 728$g1$i2023000208021$lle023$o-$pE21.00$q-$rn$so $t0$u0$v0$w0$x0$y.i15988302$z30-11-21 996 $aContre le culte du livre (Mai 1930)$92780007 997 $aUNISALENTO 998 $ale023$b30-11-21$cm$da $e-$ffre$gcc $h0$i0